000 00681cam a2200241 4500
008 010924n2001 000 0 eng u
020 _a0900967323
035 _a(Sirsi) u114808
050 _a062
245 _aA.S.K. Hollis : the directory of UK associations 2002
250 _a2nd ed.
260 _aMiddlesex
_bHollis Directories Ltd.
_c2001
300 _a1152p. ; 30cm.
350 _a140.00
650 _aDIRECTORIES
650 _aASSOCIATIONS
650 _aPROFESSIONAL ASSOCIATIONS
650 _aTRADE ASSOCIATIONS
650 _aPROFESSIONAL BODIES
650 _aINSTITUTIONS
690 _aMANAGEMENT-BUSINESS MANAGEMENT-INFORMATION MANAGEMENT
942 _n0
999 _c101676
_d101676